|
|
|
|
| LEADER |
01361nam a2200313 i 4500 |
| 001 |
41662 |
| 003 |
BD-DhAAL |
| 005 |
20230814135541.0 |
| 008 |
230814t2021 nyua b 001 0 eng d |
| 010 |
|
|
|a 2021425191
|
| 020 |
|
|
|a 9781617297267
|
| 040 |
|
|
|a DLC
|b eng
|e rda
|c DLC
|d BD-DhAAL
|
| 042 |
|
|
|a pcc
|
| 050 |
0 |
0 |
|a QA76.9.N38
|b A98 2021
|
| 082 |
0 |
4 |
|a 006.35
|2 23
|
| 100 |
1 |
|
|a Azunre, Paul,
|e author.
|9 55358
|
| 245 |
1 |
0 |
|a Transfer learning for natural language processing /
|c Paul Azunre.
|
| 264 |
|
1 |
|a Shelter Island, NY :
|b Manning Publications Co.,
|c c2021.
|
| 300 |
|
|
|a xx, 242 pages :
|b illustrations ;
|c 24 cm.
|
| 504 |
|
|
|a Includes bibliographical references and index.
|
| 526 |
|
|
|a CSE
|
| 541 |
|
|
|a Karim International
|e 41662, 41663
|
| 650 |
|
0 |
|a Natural language processing (Computer science).
|
| 650 |
|
0 |
|a Transfer learning (Machine learning).
|9 55359
|
| 852 |
|
|
|a Ayesha Abed Library
|c General Stacks
|
| 942 |
|
|
|2 ddc
|c BK
|
| 999 |
|
|
|c 44831
|d 44831
|
| 952 |
|
|
|0 0
|1 0
|2 ddc
|4 0
|6 006_350000000000000_AZU
|7 0
|9 74192
|a BRACUL
|b BRACUL
|c GEN
|d 2023-08-08
|e Trim Education
|g 8550.00
|l 0
|o 006.35 AZU
|p 3010041662
|r 2023-08-08
|t 1
|v 8550.00
|w 2023-08-08
|y BK
|
| 952 |
|
|
|0 0
|1 0
|2 ddc
|4 0
|6 006_350000000000000_AZU
|7 0
|9 74193
|a BRACUL
|b BRACUL
|c GEN
|d 2023-08-08
|e Trim Education
|g 8550.00
|l 5
|m 59
|o 006.35 AZU
|p 3010041663
|q 2026-05-20
|r 2025-08-27
|s 2025-08-27
|t 2
|v 8550.00
|w 2023-08-08
|y BK
|